Welcome to the Holygrace Academy Library

Please use search bar below to get started

KATHAKAL (Record no. 4855)

MARC details
000 -LEADER
fixed length control field 00305nam a22001457a 4500
020 ## - INTERNATIONAL STANDARD BOOK NUMBER
ISBN 978-81-264-3468-8
082 ## - DEWEY DECIMAL CLASSIFICATION NUMBER
Classification number 894.812.3
Item number ECH/K
100 ## - MAIN ENTRY--AUTHOR NAME
Personal name ECHIKKNAM, SANTHOSH
245 ## - TITLE STATEMENT
Title KATHAKAL
260 ## - PUBLICATION, DISTRIBUTION, ETC. (IMPRINT)
Place of publication KOTTAYAM
Name of publisher DC BOOKS
Year of publication 2013
300 ## - PHYSICAL DESCRIPTION
Number of Pages 288
520 ## - SUMMARY, ETC.
Summary, etc NOVEL
650 ## - SUBJECT ADDED ENTRY--TOPICAL TERM
Topical Term NOVEL
942 ## - ADDED ENTRY ELEMENTS (KOHA)
Koha item type Books
Holdings
Withdrawn status Lost status Collection code Home library Current library Shelving location Date acquired Source of acquisition Cost, normal purchase price Full call number Accession Number Koha item type
    Fiction Main Library Main Library SHELF-16- I- MALAYALAM NOVELS,FICTIONS 05/10/2015 Purchase 175.00 894.812.3 ECH/K 03724 Books
    Fiction Main Library Main Library SHELF-16- I- MALAYALAM NOVELS,FICTIONS 19/09/2015 Purchase 210.00 894.812.3 ECH/K 01924 Books